| 000 | 00545nam a2200157 i 4500 | ||
|---|---|---|---|
| 001 | 83527 | ||
| 003 | ES-MaACL | ||
| 005 | 20230906174839.0 | ||
| 007 | t| | ||
| 008 | 041117s1979 sp ||||1| spa d | ||
| 245 | 0 | 0 |
_aIntroducción a la historia medieval de Alava, Guipuzcoa y Vizcaya en sus textos / _cJosé Angel García de Cortázar... [et al.]. |
| 260 |
_aSan Sebastián : _bTxertoa, _c[1979] |
||
| 300 |
_a211 p. ; _c21 cm. |
||
| 700 | 1 |
_aGarcía de Cortázar y Ruiz de Aguirre, José Ángel. _954415 |
|
| 852 |
_aES-MaACL _jA-9534 _bR.98807 |
||
| 999 |
_c83527 _d83527 |
||